| 000 | 00577nam a2200229Ia 4500 | ||
|---|---|---|---|
| 001 | 1998 | ||
| 003 | GE_BSU | ||
| 008 | 181216s||||||||xx |||||||||||||| ||und|| | ||
| 020 | _a5222097633 | ||
| 040 | _cGE_BSU | ||
| 080 | _a351/354(075.8) | ||
| 100 | _aВоронцов,С.А. | ||
| 245 | _aСпецслужбы России | ||
| 245 | _bУчебники для вузов | ||
| 260 | _aРостов на Дону | ||
| 260 | _bФеникс | ||
| 260 | _c2006 | ||
| 300 | _a512стр. | ||
| 541 | _h15л. | ||
| 653 | _aСпецслужбы России | ||
| 942 | _cBK | ||
| 999 |
_c36098 _d36098 |
||